| 000 | 00551nam a2200229Ia 4500 | ||
|---|---|---|---|
| 003 | OSt | ||
| 005 | 20230929121236.0 | ||
| 008 | 210210b1929 xxu||||| |||| 00| 0 eng d | ||
| 040 | _cAL | ||
| 041 | _aeng | ||
| 082 | _a538/11 | ||
| 100 |
_aCLARK (John B) _9135580 |
||
| 245 | _aMathematical and physical tables | ||
| 260 |
_aLondon _bOliver & Boyd _c1929 |
||
| 300 | _a38 | ||
| 650 |
_atables _9135581 |
||
| 650 |
_aphysical _9135582 |
||
| 650 |
_aMathematical _9135583 |
||
| 690 |
_aMathematics _9135584 |
||
| 906 | _a008959 | ||
| 942 |
_2ddc _cBK |
||
| 999 |
_c126879 _d126879 |
||